MODERN TEXTBOOK OF FORENSIC MEDICINE AND TOXICOLOGY (Record no. 216507)
[ view plain ]
| 000 -LEADER | |
|---|---|
| fixed length control field | 00476nam a22001577a 4500 |
| 008 - FIXED-LENGTH DATA ELEMENTS--GENERAL INFORMATION | |
| fixed length control field | 260202b |||||||| |||| 00| 0 eng d |
| 020 ## - INTERNATIONAL STANDARD BOOK NUMBER | |
| International Standard Book Number | 978-93-5152-211-9 |
| 100 ## - MAIN ENTRY--PERSONAL NAME | |
| Personal name | MAHANTA, PATUL |
| 245 ## - TITLE STATEMENT | |
| Title | MODERN TEXTBOOK OF FORENSIC MEDICINE AND TOXICOLOGY |
| 260 ## - PUBLICATION, DISTRIBUTION, ETC. | |
| Place of publication, distribution, etc. | NEW DELHI |
| Name of publisher, distributor, etc. | JAYPEE BROTHERS MEDICAL PUBLISHERS |
| Date of publication, distribution, etc. | 2014 |
| 300 ## - PHYSICAL DESCRIPTION | |
| Extent | XL, 786P. |
| 500 ## - GENERAL NOTE | |
| General note | INCLUDES INDEX |
| 650 ## - SUBJECT ADDED ENTRY | |
| Topical term or geographic name entry element | FORENSIC MEDICINE (GENERAL) TOXICOLOGY |
| 942 ## - ADDED ENTRY ELEMENTS (KOHA) | |
| Source of classification or shelving scheme | Library of Congress Classification |
| Koha item type | Long Loan Book |
| Withdrawn status | Lost status | Source of classification or shelving scheme | Damaged status | Not for loan | Collection | Home library | Current library | Shelving location | Date acquired | Inventory number | Total checkouts | Full call number | Barcode | Date last seen | Copy number | Price effective from | Koha item type |
|---|---|---|---|---|---|---|---|---|---|---|---|---|---|---|---|---|---|
| Library of Congress Classification | Medicine | Kisii University Library | Kisii University Library | On Display | 02/02/2026 | 110985 | RA 1051 .M 63 2014 | 50109 | 02/02/2026 | C.1 | 02/02/2026 | Long Loan Book | |||||
| Library of Congress Classification | Medicine | Kisii University Library | Kisii University Library | On Display | 02/02/2026 | 110986 | RA 1051 .M 63 2014 | 50111 | 02/02/2026 | C.2 | 02/02/2026 | Long Loan Book | |||||
| Library of Congress Classification | Medicine | Kisii University Library | Kisii University Library | On Display | 02/02/2026 | 110987 | RA 1051 .M 63 2014 | 50117 | 02/02/2026 | C.3 | 02/02/2026 | Long Loan Book |